Plants chemicals and grouth (Record no. 202190)

MARC details
000 -LEADER
fixed length control field 00480nam a2200217Ia 4500
008 - FIXED-LENGTH DATA ELEMENTS--GENERAL INFORMATION
fixed length control field 150901s9999 xx 000 0 und d
020 ## - INTERNATIONAL STANDARD BOOK NUMBER
International Standard Book Number 126686629
041 ## - LANGUAGE CODE
Language code of text/sound track or separate title English
082 ## - DEWEY DECIMAL CLASSIFICATION NUMBER
Classification number 581.3
082 ## - DEWEY DECIMAL CLASSIFICATION NUMBER
Item number STE/PL
100 ## - MAIN ENTRY--PERSONAL NAME
Personal name Krikorian A D
100 ## - MAIN ENTRY--PERSONAL NAME
Personal name steward F C
100 ## - MAIN ENTRY--PERSONAL NAME
Relator term Author
245 ## - TITLE STATEMENT
Title Plants chemicals and grouth
260 ## - PUBLICATION, DISTRIBUTION, ETC. (IMPRINT)
Place of publication, distribution, etc. New York
260 ## - PUBLICATION, DISTRIBUTION, ETC. (IMPRINT)
Name of publisher, distributor, etc. Academic press
260 ## - PUBLICATION, DISTRIBUTION, ETC. (IMPRINT)
Date of publication, distribution, etc. 1971
300 ## - PHYSICAL DESCRIPTION
Extent 232 Pages
650 ## - SUBJECT ADDED ENTRY--TOPICAL TERM
Topical term or geographic name as entry element Plants
942 ## - ADDED ENTRY ELEMENTS (KOHA)
Koha item type Reference Book
Holdings
Withdrawn status Lost status Damaged status Not for loan Home library Current library Date acquired Total Checkouts Full call number Barcode Date last seen Price effective from Koha item type
        College of Agriculture, Vellanikkara College of Agriculture, Vellanikkara 28/02/2022   581.3 STE/PL KAU_COA-2667 16/09/2015 16/09/2015 Reference Book
Kerala Agricultural University Central Library
Thrissur-(Dt.), Kerala Pin:- 680656, India
Ph : (+91)(487) 2372219
E-mail: librarian@kau.in
Website: http://library.kau.in/